Полька (Запис номер 296358)
[ съкратено ]
| 000 -Лидер | |
|---|---|
| Контролно поле с фиксирана дължина | 00638nja a2200193 a 4500 |
| 003 - Код на организацията, давaща контролен номер | |
| Контролно поле | BLK |
| 005 - Дата и час на последна редакция | |
| Контролно поле | 20180421003226.0 |
| 008 - Елементи от данни с фиксирана дължина | |
| fixed length control field | 180414c bul|r|ner|||| 00| c0bul d |
| 010 ## - Наследен системен номер | |
| LC control number | NOT00000005001 |
| 040 ## - Източник на каталожния запис | |
| Идентификатор на билиотеката - собственик на записа | BLK |
| 100 1# - Редна дума - Автор | |
| Автор | Балакирев, Милий Алексеевич |
| Авторска отговорност | първи автор |
| R(LIN) | 35873 |
| 245 10 - Сведения за заглавието | |
| Заглавие | Полька |
| Редно поле (дума) | Милий Алексеевич Балакирев. |
| 257 ## - Страна на издаване | |
| Страна на създаване/издаване | Русия |
| 380 ## - Жанр | |
| Жанр | Изкуство |
| 773 ## - Описание на основна библиографска единица при аналитични записи (многотомни) | |
| Host Biblionumber | 296357 |
| Host Itemnumber | 646648 |
| Редна дума на основното описание | Балакирев, Милий Алексеевич |
| Заглавие | Чувство. Простодушие |
| 852 ## - Местоположение | |
| Форматна сигнатура | Цб М ІІ 4718 |
| 942 ## - АРТИКУЛИ | |
| Вид на библиотечния материал | Нотни издания |
| Скрит в OPAC | Не |
| 944 ## - СЪЗДАВАНЕ И РЕДАКЦИЯ на ЗАПИСА | |
| Създаване/Редакция | Създаване |
| Дата на регистрацията/редакция | |
| Служител, извършил регистрацията/редакцията | Ирена_Линкова |
| 944 ## - СЪЗДАВАНЕ И РЕДАКЦИЯ на ЗАПИСА | |
| Създаване/Редакция | Редакция |
| Дата на регистрацията/редакция | 06.02.2006 |
| Служител, извършил регистрацията/редакцията | |
| 999 ## - СИСТЕМНИ КОНТРОЛНИ НОМЕРА | |
| Koha biblionumber | 296358 |
| Koha biblioitemnumber | 296358 |
| Код за отписване | Код за изгубен артикул | Код за повреда | Коз за рестрикции | Код за отдаване | Артикулен № | Име на библиотеката - собственик | Име на библиотеката, в която се намира в момента | Статус (Текущо местоположение) | Дата на вписване в системата | Местоположение - отдел | Цена в лева | Инвентарен номер | Баркод | Номер на екземпляра | Цена в евро | Служебна бележка | Служебен тип на артикула | Бележка за публиката |
|---|---|---|---|---|---|---|---|---|---|---|---|---|---|---|---|---|---|---|
| Не е изгубен | Не е повреден | само за читалня | ползва се в читалня | 646649 | Регионална библиотека "Любен Каравелов" Русе | Регионална библиотека "Любен Каравелов" Русе | Аналитични записи | 2018-04-14 | Аналитични записи | 0.00 | 900100000005 | 900100000005 | 1 | 0.00 | аналитичен запис | Статия | Това е описние на част от артикул: Чувство. Простодушие |